La inteligencia : su evolucion y sus formas /

Guardado en:
Autor Principal: Viaud, Gaston
Formato: Libro
Publicado: Buenos Aires : Paidos, 1965
Materias:
Etiquetas: Agregar Etiqueta
Sin Etiquetas, Sea el primero en etiquetar este registro!
LEADER 00458nam a22001575a 4500
001 EHU.bham001925
003 AR-BHAM
005 20070307165214.0
008 130507s1965##################000#0#####d
082 1 5 |a 151 
100 1 |a Viaud, Gaston 
245 1 0 |a La inteligencia :  |b su evolucion y sus formas /  |c Gaston Viaud. 
260 |a Buenos Aires :  |b Paidos,  |c 1965 
300 |a 118 p. 
653 |a Inteligencia 
859 |a AR-BHAM  |b BIB. HUMANIDADES - General  |h 151  |i V658  |p 367.88  |t Ej.1